Pozemkové úpravy a verejné politiky

Enregistré dans:
Détails bibliographiques
Auteur principal: Drdáková, Kristína (Auteur)
Autres auteurs: Hudecová, Ľubica (Directeur de thèse)
Format: Manuscrit Livre
Langue:slovaque
Publié: 2025
Sujets:
Accès en ligne:http://is.stuba.sk/zp/portal_zp.pl?podrobnosti=184695
CRZP
Tags: Ajouter un tag
Pas de tags, Soyez le premier à ajouter un tag!

MARC

LEADER 00000ntm a22000003a 4500
001 stuzp104611
003 SK-STU
005 20250722141915.5
007 ta
008 150427s2015----xo-----f-mn---000-0-slo-d
040 |a STU  |b slo 
041 0 |a slo 
100 1 |a Drdáková, Kristína  |u 010140  |4 aut  |U SvF Stavebná fakulta  |T SvF Katedra geodézie  |X 109921  |U V140  |Y 14  |7 109921 
242 0 1 |a Land consolidation and public policies  |y eng 
245 1 0 |a Pozemkové úpravy a verejné politiky 
260 |c 2025 
650 4 |a fragmentation of land ownership  |2 eng 
650 4 |a land consolidation project  |2 eng 
650 4 |a spatial plan  |2 eng 
650 4 |a preparatory proceedings  |2 eng 
650 4 |a Land consolidation  |2 eng 
650 4 |a rozdrobenosť pozemkového vlastníctva  |2 slo 
650 4 |a projekt pozemkových úprav  |2 slo 
650 4 |a územný plán  |2 slo 
650 4 |a prípravné konanie  |2 slo 
650 4 |a Pozemkové úpravy  |2 slo 
700 1 |a Hudecová, Ľubica  |u 010140  |k Z1  |4 ths  |U SvF Stavebná fakulta  |T SvF Katedra geodézie  |X 1662  |U V140  |Y 14  |7 A000001662 
856 4 |u http://is.stuba.sk/zp/portal_zp.pl?podrobnosti=184695 
856 4 |u https://opac.crzp.sk/?fn=detailBiblioForm&sid=71F69C32541FA5093E657CB0024D  |z CRZP